000 00449nam a2200181Ia 4500
001 14124
005 20260306164851.0
008 260306t2004||||xx |||||||||||||| ||spa||
041 _aESP
082 _a501
_bB92
100 _aBunge, Mario
_eAUT
245 0 _aLa investigación científica:
_bsu estrategia y su filosofía
260 _c2004
300 _a805 páginas :
_c23 cm.
650 _aGEN
654 _aCCN
942 _cLIB
_dJUS
_fJUS
_2ddc
_n
999 _c14124
_d14124